LIBRARY & INFORMATION CENTRE, KCAET, TAVANUR

ONLINE PUBLIC ACCESS CATALOGUE (OPAC)

Field crops / (Record no. 10101)

MARC details
000 -LEADER
fixed length control field 00422cam a2200169ua 4500
041 ## - LANGUAGE CODE
Language code of text/sound track or separate title eng
082 ## - DEWEY DECIMAL CLASSIFICATION NUMBER
Classification number 633
Item number RAT/FI
100 ## - MAIN ENTRY--AUTHOR NAME
Personal name Rather, Howard C .
245 ## - TITLE STATEMENT
Title Field crops /
250 ## - EDITION STATEMENT
Edition statement 2 /
260 ## - PUBLICATION, DISTRIBUTION, ETC. (IMPRINT)
Place of publication New York :
Name of publisher McGraw Hill Book Company ,
Year of publication 1951.
300 ## - PHYSICAL DESCRIPTION
Number of Pages 446 ; .
700 1# - ADDED ENTRY--PERSONAL NAME
Personal name Harrison, Carter M .
942 ## - ADDED ENTRY ELEMENTS (KOHA)
Koha item type Books
Holdings
Withdrawn status Lost status Damaged status Home library Current library Date acquired Full call number Accession Number Koha item type
Withdrawn     KAUAET KAUAET 07/04/2012 633 8052 Books
free website counter